[Event "4NCL Online Division 3"]
[Site "online"]
[Date "2020.04.21"]
[Round "3.42"]
[White "Sloan, Cecil"]
[Black "Samarasinghe Jude, Ranga"]
[Result "0-1"]
[WhiteElo "1735"]
[BlackElo "1924"]
[PlyCount "116"]
[EventDate "2020.04.21"]
[WhiteTeam "Watford 2"]
[BlackTeam "CSC 3"]

1. e4 e6 2. d4 d5 3. Nc3 Bb4 4. e5 c5 5. Bd2 cxd4 6. Nb5 Be7 7. Nf3 Nc6 8.
Nbxd4 Qb6 9. Bc3 Bd7 10. Bb5 a6 11. Ba4 Bb4 12. Bxc6 Bxc3+ 13. bxc3 bxc6 14.
O-O c5 15. Nb3 Bb5 16. Re1 Ne7 17. Qd2 O-O 18. Qg5 Ng6 19. h4 h6 20. Qg3 Qc6
21. h5 Ne7 22. Qf4 a5 23. g4 a4 24. Nbd2 a3 25. g5 Nf5 26. Nh4 Ra4 27. c4 Bxc4
28. Nxf5 exf5 29. Qxf5 Ba6 30. Re3 Bc8 31. Qf3 Rg4+ 32. Kf1 Qb5+ 33. c4 dxc4
34. Rb1 Qa6 35. Rc3 Rxg5 36. Ne4 Rxe5 37. Re1 Rfe8 38. Qg2 Bf5 39. f3 Qe6 40.
Kf2 Bxe4 41. Rxe4 Rxe4 42. fxe4 Qf6+ 43. Qf3 Qd4+ 44. Qe3 Rxe4 45. Qxd4 cxd4
46. Rxc4 Rh4 47. Kg3 Rxh5 48. Rxd4 Ra5 49. Rd8+ Kh7 50. Rd6 Ra4 51. Rd3 g5 52.
Rf3 Kg6 53. Rd3 f6 54. Rc3 h5 55. Rb3 h4+ 56. Kh3 Kh5 57. Rb5 Rf4 58. Rb3 Rf3+
0-1

[Event "4NCL Online Division 3"]
[Site "online"]
[Date "2020.04.21"]
[Round "3.43"]
[White "Evans, Harry G"]
[Black "Littlefair, Paul"]
[Result "1-0"]
[WhiteElo "1915"]
[BlackElo "1727"]
[PlyCount "31"]
[EventDate "2020.04.21"]
[WhiteTeam "CSC 3"]
[BlackTeam "Watford 2"]

1. d4 Nf6 2. Bf4 g6 3. Nc3 c6 4. e4 Bg7 5. Qd2 d5 6. e5 Nfd7 7. Bh6 O-O 8. Bxg7
Kxg7 9. h4 h5 10. g4 e6 11. gxh5 gxh5 12. Nf3 c5 13. Rg1+ Kh7 14. Bd3+ f5 15.
exf6+ Kh8 16. Qh6# 1-0

[Event "4NCL Online Division 3"]
[Site "online"]
[Date "2020.04.21"]
[Round "3.44"]
[White "Shaw, David K"]
[Black "Kan, Toby"]
[Result "0-1"]
[WhiteElo "1690"]
[BlackElo "1892"]
[PlyCount "52"]
[EventDate "2020.04.21"]
[WhiteTeam "Watford 2"]
[BlackTeam "CSC 3"]

1. d4 c5 2. Nf3 cxd4 3. Nxd4 d5 4. Bf4 Nd7 5. Nf3 Ngf6 6. Nc3 e6 7. a3 a6 8. e3
Be7 9. Be2 O-O 10. h3 b5 11. O-O Bb7 12. Ne5 Nb6 13. b3 Rc8 14. Qd2 b4 15. Nb1
Ne4 16. Qd3 f6 17. Nf3 e5 18. Bh2 bxa3 19. Nxa3 Nc3 20. Qd2 a5 21. Nb5 Bb4 22.
Bd1 Nxb5 23. Qd3 Qd7 24. Nh4 e4 25. Bg4 exd3 26. Bxd7 Nxd7 0-1

[Event "4NCL Online Division 3"]
[Site "online"]
[Date "2020.04.21"]
[Round "3.51"]
[White "Murdochy, Shivan"]
[Black "Mashayekh, Majid"]
[Result "0-1"]
[WhiteElo "1887"]
[BlackElo "1881"]
[PlyCount "92"]
[EventDate "2020.04.21"]
[WhiteTeam "Four Horsemen"]
[BlackTeam "CSC 4"]

1. d4 Nf6 2. c4 e6 3. Nc3 d5 4. cxd5 exd5 5. Bg5 Be7 6. Qc2 c6 7. e3 Nbd7 8.
Bd3 O-O 9. Nge2 Re8 10. O-O h6 11. Bh4 Ne4 12. Bxe7 Qxe7 13. Rae1 Ndf6 14. f3
Nxc3 15. Nxc3 Be6 16. Kh1 Rad8 17. a3 a6 18. Na4 Qd6 19. Nc5 Bc8 20. b4 Re7 21.
Qc3 g6 22. Bc2 b6 23. Nb3 Rde8 24. Nd2 Rd8 25. Re2 a5 26. bxa5 Ba6 27. Bd3 Bxd3
28. Qxd3 bxa5 29. e4 Nh5 30. e5 Qe6 31. f4 Ng7 32. Nb3 Qf5 33. Qe3 Ne6 34. h3
h5 35. Kh2 a4 36. Nc1 g5 37. Nd3 Rb7 38. Ref2 Rb3 39. Rf3 gxf4 40. Qd2 Nxd4 41.
Rxf4 Rxd3 42. Qf2 Qxe5 43. g3 Qe2 44. Rxf7 Qxf2+ 45. R7xf2 Re8 46. Rc2 Nxc2 0-1

[Event "4NCL Online Division 3"]
[Site "online"]
[Date "2020.04.21"]
[Round "3.52"]
[White "Towers, Nigel S"]
[Black "Gillespie, David Paul"]
[Result "1/2-1/2"]
[WhiteElo "1858"]
[BlackElo "1862"]
[PlyCount "167"]
[EventDate "2020.04.21"]
[WhiteTeam "CSC 4"]
[BlackTeam "Four Horsemen"]

1. e4 c5 2. Nf3 d6 3. d4 cxd4 4. Nxd4 Nf6 5. Nc3 a6 6. g3 e5 7. Nde2 Be7 8. Bg2
O-O 9. O-O b5 10. a4 b4 11. Nd5 Nxd5 12. Qxd5 Qc7 13. c3 Bb7 14. Qb3 bxc3 15.
Nxc3 Nd7 16. Nd5 Bxd5 17. Qxd5 Rab8 18. Ra3 Qc2 19. Qd1 Rfc8 20. Qxc2 Rxc2 21.
Rc3 Rxc3 22. bxc3 Nb6 23. Be3 Nc4 24. Rc1 Rb2 25. Bf1 Nxe3 26. fxe3 Bg5 27. Re1
a5 28. Bc4 Kf8 29. Re2 Rxe2 30. Bxe2 Bxe3+ 31. Kf1 Bd2 32. c4 Ke7 33. Bd1 Kd7
34. Ke2 Bc1 35. Kd3 Kc6 36. Kc2 Be3 37. Kd3 Bd4 38. Bg4 g6 39. Bc8 Kc7 40. Ba6
f5 41. exf5 gxf5 42. Bb5 Bg1 43. h3 Kd8 44. Bc6 Ke7 45. Ke2 Kf6 46. Kf3 e4+ 47.
Kg2 Bb6 48. g4 Ke5 49. gxf5 Kxf5 50. Kg3 Ke5 51. Bb5 Bc5 52. Kg2 Kd4 53. Bc6
Kd3 54. Kf1 Bb4 55. Bd5 e3 56. Bf3 Kxc4 57. Ke2 Bc5 58. Be4 d5 59. Bd3+ Kb3 60.
Bb5 Kc3 61. Bd3 h6 62. Bb5 Kd4 63. Bd3 Ke5 64. Bb5 Ke4 65. Bd3+ Kf4 66. Bb5 Kg3
67. Bd7 Kf4 68. Bb5 Bb4 69. Bd3 d4 70. Bb5 Kg3 71. Bd7 Kg2 72. Bg4 Kg3 73. Bf5
Bd6 74. Bg4 Be5 75. Bf5 h5 76. Bg6 Kh4 77. Bf5 Kg5 78. Be6 Kf4 79. Bf7 Kg5 80.
Be6 Kh4 81. Bf7 Kxh3 82. Bxh5 Kg3 83. Bg6 Kf4 84. Bd3 1/2-1/2

[Event "4NCL Online Division 3"]
[Site "online"]
[Date "2020.04.21"]
[Round "3.53"]
[White "Gillespie, Gary"]
[Black "Frostick, Helen M"]
[Result "1-0"]
[WhiteElo "1843"]
[BlackElo "1855"]
[PlyCount "77"]
[EventDate "2020.04.21"]
[WhiteTeam "Four Horsemen"]
[BlackTeam "CSC 4"]

1. d4 e6 2. e4 d5 3. exd5 exd5 4. Nc3 Nf6 5. Bg5 Be7 6. Qd2 O-O 7. O-O-O Ne4 8.
Nxe4 dxe4 9. Bf4 b6 10. Bc4 Bb7 11. Ne2 Nc6 12. Nc3 Na5 13. Be2 Bb4 14. a3 Bxc3
15. Qxc3 Rc8 16. Qg3 Qe7 17. Kb1 f5 18. h4 Qf7 19. h5 Nc4 20. h6 g6 21. Bxc4
Qxc4 22. Rd2 Rf7 23. Rhd1 Bd5 24. b3 Qa6 25. Kb2 b5 26. Be5 Qe6 27. Qc3 c6 28.
Rg1 g5 29. Qg3 Qxh6 30. Rdd1 f4 31. Qg4 Be6 32. Qe2 Qg6 33. f3 e3 34. g3 fxg3
35. Qxe3 Bf5 36. Rd2 h6 37. Rxg3 Re8 38. Rdg2 Rg7 39. Qd2 1-0

[Event "4NCL Online Division 3"]
[Site "online"]
[Date "2020.04.21"]
[Round "3.54"]
[White "Kumar, Soham"]
[Black "Wilkinson, Kevin"]
[Result "0-1"]
[WhiteElo "1742"]
[BlackElo "1392"]
[PlyCount "103"]
[EventDate "2020.04.21"]
[WhiteTeam "CSC 4"]
[BlackTeam "Four Horsemen"]

1. e4 d5 2. exd5 Qxd5 3. Nc3 Qd8 4. d4 Nf6 5. Nf3 Bg4 6. Be2 e6 7. Be3 c6 8.
O-O Be7 9. Ne5 Bxe2 10. Qxe2 O-O 11. f4 Nbd7 12. Rad1 Nd5 13. Nxd5 cxd5 14. Qg4
Nf6 15. Qh3 Rc8 16. c3 Re8 17. Rf3 Ne4 18. f5 Bg5 19. Rdf1 f6 20. Nd3 Qe7 21.
Nf4 Bxf4 22. Rxf4 exf5 23. Rh4 g6 24. Bh6 Ng5 25. Bxg5 fxg5 26. Rh6 Qe3+ 27.
Qxe3 Rxe3 28. Kf2 Rce8 29. Rb1 g4 30. h3 Kg7 31. Rh4 g3+ 32. Kf1 g5 33. Rh5 Kg6
34. h4 Kxh5 35. hxg5 Kxg5 36. Rc1 Re2 37. Rb1 Rc2 38. Kg1 Ree2 39. Kh1 Rxg2 40.
b4 Rxa2 41. c4 dxc4 42. d5 Rh2+ 43. Kg1 f4 44. d6 Rad2 45. d7 f3 46. d8=Q+ Rxd8
47. Rc1 f2+ 48. Kf1 Rh1+ 49. Kg2 Rxc1 50. Kxg3 f1=Q 51. b5 Rc3+ 52. Kh2 0-1

[Event "4NCL Online Division 3"]
[Site "online"]
[Date "2020.04.21"]
[Round "3.61"]
[White "Rahman, Asad"]
[Black "Carpenter, Stephen C D"]
[Result "1-0"]
[WhiteElo "2095"]
[BlackElo "1907"]
[PlyCount "51"]
[EventDate "2020.04.21"]
[WhiteTeam "Harrow 2"]
[BlackTeam "Wimbledon 2"]

1. e4 c5 2. Nf3 d6 3. d4 cxd4 4. Nxd4 Nf6 5. Nc3 a6 6. Bg5 e6 7. Qd2 Be7 8.
O-O-O Nbd7 9. f3 Qc7 10. g4 b5 11. h4 Bb7 12. Be3 Ne5 13. g5 Nfd7 14. h5 Rc8
15. Rg1 Nb6 16. g6 hxg6 17. hxg6 Nbc4 18. gxf7+ Kxf7 19. Bxc4 Qxc4 20. Qg2 Rhg8
21. f4 Bf6 22. fxe5 Bxe5 23. Qg6+ Ke7 24. Bg5+ Bf6 25. Bxf6+ gxf6 26. Qh7+ 1-0

[Event "4NCL Online Division 3"]
[Site "online"]
[Date "2020.04.21"]
[Round "3.63"]
[White "Lakhani, Kishan"]
[Black "Silva Peña, Ángel David"]
[Result "1-0"]
[WhiteElo "1977"]
[BlackElo "1862"]
[PlyCount "51"]
[EventDate "2020.04.21"]
[WhiteTeam "Harrow 2"]
[BlackTeam "Wimbledon 2"]

1. e4 c6 2. Nf3 d5 3. e5 Bg4 4. Be2 e6 5. O-O c5 6. c4 dxc4 7. Na3 Ne7 8. Nxc4
Nec6 9. h3 Bh5 10. Qb3 Qc7 11. Rd1 Nd7 12. g4 Bg6 13. d4 cxd4 14. Nxd4 a6 15.
Be3 Be7 16. Nd6+ Bxd6 17. exd6 Qb8 18. Bf3 Nde5 19. Nxc6 Nxf3+ 20. Kh1 bxc6 21.
d7+ Kd8 22. Bb6+ Ke7 23. Qa3+ Kf6 24. Qxf3+ Ke7 25. Qa3+ Kf6 26. d8=Q+ 1-0

[Event "4NCL Online Division 3"]
[Site "online"]
[Date "2020.04.21"]
[Round "3.64"]
[White "Hernandez, Federico"]
[Black "Dhemrait, Jagdeep"]
[Result "1/2-1/2"]
[WhiteElo "1795"]
[BlackElo "1982"]
[PlyCount "118"]
[EventDate "2020.04.21"]
[WhiteTeam "Wimbledon 2"]
[BlackTeam "Harrow 2"]

1. e4 c5 2. Nf3 Nc6 3. d4 cxd4 4. Nxd4 g6 5. c4 Bg7 6. Be3 d6 7. Nc3 Nf6 8. Be2
Bd7 9. O-O O-O 10. h3 Ne8 11. Qd2 f5 12. f4 a6 13. exf5 Nxd4 14. Bxd4 Bxf5 15.
g4 Bd7 16. Bf3 Bc6 17. Nd5 Nf6 18. Bb6 Qd7 19. Rae1 Nxd5 20. Bxd5+ Bxd5 21.
Qxd5+ Rf7 22. f5 Qc6 23. fxg6 Qxd5 24. gxh7+ Kf8 25. cxd5 Bxb2 26. g5 Re8 27.
g6 Rxf1+ 28. Kxf1 Kg7 29. Re6 Bf6 30. Kg2 Rh8 31. Kg3 Kxg6 32. Bd4 Rxh7 33.
Bxf6 exf6 34. Rxd6 Kg5 35. Rd8 f5 36. d6 f4+ 37. Kg2 Kf6 38. Kf3 Rxh3+ 39. Kxf4
Rh7 40. d7 Ke6 41. Ke4 Rxd7 42. Rxd7 Kxd7 43. Kd5 Kc7 44. Kc5 b6+ 45. Kc4 Kc6
46. a4 Kd6 47. Kd4 Ke6 48. Ke4 b5 49. axb5 axb5 50. Kd4 Kd6 51. Kd3 Kd5 52. Kc3
Kc5 53. Kb3 b4 54. Kb2 Kc4 55. Kc2 b3+ 56. Kb2 Kb4 57. Kb1 Kc3 58. Kc1 b2+ 59.
Kb1 Kb3 1/2-1/2

[Event "4NCL Online Division 3"]
[Site "online"]
[Date "2020.04.21"]
[Round "3.71"]
[White "Taylor, Alex B"]
[Black "Lovatt, Amy"]
[Result "1-0"]
[WhiteElo "1915"]
[BlackElo "1840"]
[PlyCount "113"]
[EventDate "2020.04.21"]
[WhiteTeam "Horsham"]
[BlackTeam "Crewe"]

1. e4 c5 2. Nf3 Nc6 3. d4 cxd4 4. Nxd4 e5 5. Nb5 d6 6. N1c3 a6 7. Na3 Be7 8.
Nd5 Nf6 9. Nxf6+ Bxf6 10. c3 O-O 11. Nc2 Be7 12. Ne3 f5 13. Bc4+ Kh8 14. exf5
Bxf5 15. Nxf5 Rxf5 16. O-O Bg5 17. Bd3 Bxc1 18. Bxf5 Qg5 19. Rxc1 Qxf5 20. Qxd6
h6 21. Qc7 Qc8 22. Qxc8+ Rxc8 23. Rcd1 Rc7 24. Rd5 Re7 25. Rfd1 Kg8 26. Rd7 Kf7
27. Kf1 Nb8 28. Rxe7+ Kxe7 29. Ke2 Nc6 30. Ke3 g5 31. Ke4 Ke6 32. h4 Nb8 33.
hxg5 hxg5 34. Rh1 Nd7 35. Rh8 Nf6+ 36. Kd3 Nd7 37. a4 Nc5+ 38. Kc4 Nxa4 39.
Rh6+ Kf5 40. Rd6 b5+ 41. Kb4 Nxb2 42. Rxa6 Nd3+ 43. Kxb5 Nxf2 44. c4 e4 45. c5
e3 46. Ra2 Ne4 47. Kc4 Nd2+ 48. Kd3 Kf4 49. Rxd2 exd2 50. Kxd2 Kg3 51. c6 Kxg2
52. c7 g4 53. c8=Q g3 54. Ke2 Kh2 55. Kf3 g2 56. Qh8+ Kg1 57. Qg7 1-0

[Event "4NCL Online Division 3"]
[Site "online"]
[Date "2020.04.21"]
[Round "3.72"]
[White "Lockett, Karl"]
[Black "Heath, Chris W"]
[Result "1-0"]
[WhiteElo "1810"]
[BlackElo "1855"]
[PlyCount "115"]
[EventDate "2020.04.21"]
[WhiteTeam "Crewe"]
[BlackTeam "Horsham"]

1. Nf3 f5 2. c4 Nf6 3. g3 g6 4. Nc3 Bg7 5. Qc2 d6 6. b4 c6 7. Bb2 O-O 8. Bg2 e5
9. d3 Qe8 10. O-O Nh5 11. e3 Nd7 12. b5 c5 13. Ng5 Ndf6 14. Nd5 Nxd5 15. Bxd5+
Kh8 16. a4 h6 17. Nf3 Nf6 18. Nd2 Nxd5 19. cxd5 b6 20. f4 e4 21. Bxg7+ Kxg7 22.
dxe4 fxe4 23. Rfe1 Bf5 24. g4 Bxg4 25. Qxe4 Qd7 26. Qg2 Rae8 27. Ne4 Bh3 28.
Qb2+ Kh7 29. Ng3 Qf7 30. Qd2 Bc8 31. Rf1 Bf5 32. Rad1 Bg4 33. Rde1 Bc8 34. e4
Bb7 35. Rd1 Qg7 36. Rfe1 Qf7 37. Rf1 Qg7 38. Qg2 Rf7 39. Qd2 Qf8 40. Rde1 Bc8
41. e5 dxe5 42. fxe5 Rxf1+ 43. Rxf1 Qe7 44. Re1 Rd8 45. d6 Qe6 46. Qf2 Bb7 47.
Ne4 Qg4+ 48. Qg2 Qxg2+ 49. Kxg2 Bc6 50. Kg3 Bxe4 51. Rxe4 Kg7 52. Kf4 Kf8 53.
Re3 Rd7 54. Ke4 Kf7 55. Kd5 Ke8 56. e6 Rd8 57. Rf3 c4 58. Rc3 1-0

[Event "4NCL Online Division 3"]
[Site "online"]
[Date "2020.04.21"]
[Round "3.73"]
[White "Barrowclough, Richard"]
[Black "Renegade, Richard"]
[Result "0-1"]
[WhiteElo "1577"]
[BlackElo "1735"]
[PlyCount "70"]
[EventDate "2020.04.21"]
[WhiteTeam "Horsham"]
[BlackTeam "Crewe"]

1. e4 Nc6 2. d4 e5 3. d5 Nce7 4. Nf3 Ng6 5. g3 Nf6 6. Nc3 Bb4 7. Qe2 Bxc3+ 8.
bxc3 d6 9. Bg2 O-O 10. O-O h6 11. c4 Nh7 12. c3 f5 13. Bd2 f4 14. Rae1 Ng5 15.
Nxg5 hxg5 16. Qh5 Kf7 17. Qd1 Rh8 18. Bf3 Bh3 19. Bg2 Qd7 20. Qf3 Bg4 21. Qd3
Bh3 22. Qf3 g4 23. Bxh3 Rxh3 24. Qg2 f3 25. Qh1 Rah8 26. Bg5 R8h5 27. Bc1 Rxh2
28. Qxh2 Rxh2 29. Kxh2 Qe8 30. Rh1 Qa4 31. a3 Qxc4 32. Bb2 Qd3 33. Ba1 Qd2 34.
Rhf1 Qh6+ 35. Kg1 Qh3 0-1

[Event "4NCL Online Division 3"]
[Site "online"]
[Date "2020.04.21"]
[Round "3.74"]
[White "Layhe, Neville"]
[Black "Trofin, Marian"]
[Result "1-0"]
[WhiteElo "1607"]
[BlackElo "1525"]
[PlyCount "101"]
[EventDate "2020.04.21"]
[WhiteTeam "Crewe"]
[BlackTeam "Horsham"]

1. d4 d5 2. e3 Nf6 3. Bd3 Nc6 4. f4 a6 5. c3 h6 6. Nd2 Bg4 7. Ngf3 e6 8. O-O
Be7 9. Qe1 Bf5 10. Qe2 Ne4 11. Ne5 Bf6 12. Nxc6 bxc6 13. Nxe4 dxe4 14. Bxa6 O-O
15. Bb7 Ra7 16. Bxc6 Qd6 17. Bb5 Rb8 18. Bc4 c5 19. b3 cxd4 20. cxd4 Be7 21.
Bb2 Qd7 22. a4 Kh7 23. Rfc1 f6 24. Bb5 Qd8 25. Rc2 Qd5 26. Qc4 Qd8 27. Rac1 Bd6
28. Qe2 Bg6 29. Rc4 Qe7 30. Qc2 f5 31. Rc8 Rbb7 32. Qc6 Rc7 33. Rxc7 Rxc7 34.
Qb6 Rxc1+ 35. Bxc1 Bb4 36. Bf1 Bd6 37. a5 Bc7 38. Qc5 Qd8 39. Bd2 Bd6 40. Qc4
Bf7 41. Bb4 Bb8 42. a6 Qb6 43. Qc5 Qd8 44. a7 Bxa7 45. Qxa7 Bg8 46. Qc5 Qa8 47.
Ba5 g5 48. g3 gxf4 49. gxf4 Qb7 50. b4 Qb6 51. Bxb6 1-0

[Event "4NCL Online Division 3"]
[Site "online"]
[Date "2020.04.21"]
[Round "3.81"]
[White "Cooper, John G"]
[Black "Roberts, Mike"]
[Result "1-0"]
[WhiteElo "2096"]
[BlackElo "2027"]
[PlyCount "77"]
[EventDate "2020.04.21"]
[WhiteTeam "Hull Romans"]
[BlackTeam "Catford Cosmonauts 2"]

1. e4 d5 2. exd5 Nf6 3. d4 Bg4 4. f3 Bf5 5. Bb5+ Nbd7 6. Nc3 a6 7. Bd3 Bxd3 8.
Qxd3 Nb6 9. Nge2 Nfxd5 10. O-O e6 11. Ne4 Be7 12. c4 Nf6 13. Be3 O-O 14. Rad1
Qd7 15. b3 Rfd8 16. a4 a5 17. Qc2 Nc8 18. N4c3 c6 19. g4 Nd6 20. Ng3 h6 21. Kg2
Rac8 22. h4 Nh7 23. Rh1 g6 24. Bxh6 b5 25. c5 Ne8 26. Bf4 b4 27. Nce2 Bf6 28.
g5 Bg7 29. h5 Nf8 30. Ne4 e5 31. dxe5 Qf5 32. Nf6+ Nxf6 33. Qxf5 gxf5 34. exf6
Bh8 35. Nd4 Rd5 36. Nxc6 Rxd1 37. Ne7+ Kh7 38. g6+ Nxg6 39. hxg6# 1-0

[Event "4NCL Online Division 3"]
[Site "online"]
[Date "2020.04.21"]
[Round "3.82"]
[White "Gruau, Martin G"]
[Black "Chesters, Tim"]
[Result "1-0"]
[WhiteElo "2050"]
[BlackElo "2062"]
[PlyCount "79"]
[EventDate "2020.04.21"]
[WhiteTeam "Catford Cosmonauts 2"]
[BlackTeam "Hull Romans"]

1. e4 e5 2. Nf3 Nc6 3. Bb5 a6 4. Ba4 Nf6 5. O-O Be7 6. Re1 b5 7. Bb3 O-O 8. a4
Bb7 9. d3 d6 10. c3 Nd7 11. Nbd2 Nc5 12. Nf1 Nxb3 13. Qxb3 Na5 14. Qc2 c5 15.
Ne3 c4 16. d4 Nb3 17. Ra2 exd4 18. Nxd4 Nxd4 19. cxd4 Bf6 20. d5 Qd7 21. Bd2
Rfe8 22. Bc3 Bxc3 23. bxc3 f5 24. axb5 Rxe4 25. bxa6 Bxd5 26. Rb1 Bc6 27. Qb2
f4 28. Nc2 f3 29. Ne3 fxg2 30. a7 h6 31. Qb6 Rh4 32. Ra6 Be4 33. Qd4 Qh3 34.
Rb8+ Kh7 35. Qxe4+ Rxe4 36. Rxa8 Rh4 37. Rh8+ Kg6 38. Rxd6+ Kf7 39. Rf8+ Ke7
40. Nf5+ 1-0

[Event "4NCL Online Division 3"]
[Site "online"]
[Date "2020.04.21"]
[Round "3.83"]
[White "Gardiner, Eric D"]
[Black "Allen, John P"]
[Result "1-0"]
[WhiteElo "2016"]
[BlackElo "1915"]
[PlyCount "75"]
[EventDate "2020.04.21"]
[WhiteTeam "Hull Romans"]
[BlackTeam "Catford Cosmonauts 2"]

1. d4 Nf6 2. Bg5 c5 3. Bxf6 gxf6 4. d5 Bg7 5. c3 d6 6. e3 Bf5 7. Nd2 Bg6 8. Ne2
e5 9. dxe6 fxe6 10. Nf4 Bf7 11. Qg4 Bh6 12. Nxe6 Qd7 13. Ng7+ Kf8 14. Qxd7 Nxd7
15. Nf5 Bg7 16. Nxd6 Be6 17. Bc4 Ke7 18. Bxe6 Kxe6 19. N6e4 b5 20. Nb3 Rhc8 21.
O-O-O Bf8 22. f4 a5 23. f5+ Ke5 24. Rxd7 Kxe4 25. Rxh7 Kxe3 26. Nd2 b4 27. Nc4+
Kd3 28. Nb6 bxc3 29. Rd1+ Ke2 30. Nxa8 cxb2+ 31. Kc2 Rxa8 32. Rb1 c4 33. Rxb2
Bb4 34. Kc1+ Kf1 35. Rd7 Rc8 36. Rd1+ Be1 37. Rb6 c3 38. Re6 1-0

[Event "4NCL Online Division 3"]
[Site "online"]
[Date "2020.04.21"]
[Round "3.84"]
[White "Turner, Howard"]
[Black "Crow, Stephen"]
[Result "1/2-1/2"]
[WhiteElo "1885"]
[BlackElo "1847"]
[PlyCount "40"]
[EventDate "2020.04.21"]
[WhiteTeam "Catford Cosmonauts 2"]
[BlackTeam "Hull Romans"]

1. g3 f5 2. Bg2 Nf6 3. d3 e5 4. Nc3 c6 5. e4 fxe4 6. dxe4 Bc5 7. Qe2 d6 8. Bg5
O-O 9. O-O-O b5 10. f4 Qa5 11. fxe5 dxe5 12. Nf3 Bg4 13. h3 Bxf3 14. Bxf3 Bd4
15. Bg4 Bxc3 16. Be6+ Kh8 17. bxc3 Qxc3 18. Bxf6 gxf6 19. Qd3 Qxd3 20. Rxd3 a5
1/2-1/2

[Event "4NCL Online Division 3"]
[Site "online"]
[Date "2020.04.21"]
[Round "3.91"]
[White "Elwin, Adrian G"]
[Black "Smith, Simon C"]
[Result "1-0"]
[WhiteElo "1982"]
[BlackElo "1915"]
[PlyCount "153"]
[EventDate "2020.04.21"]
[WhiteTeam "MK Phoenix 2"]
[BlackTeam "Warley Mighty Quins"]

1. d4 Nf6 2. c4 c5 3. d5 b5 4. Qc2 bxc4 5. e4 d6 6. Bxc4 g6 7. Nc3 Bg7 8. Nge2
O-O 9. h3 Ba6 10. Bxa6 Nxa6 11. Bg5 Rb8 12. O-O h6 13. Be3 Nb4 14. Qd2 Kh7 15.
a3 Na6 16. Rab1 Qa5 17. b4 cxb4 18. axb4 Nxb4 19. Ra1 Qc7 20. Rxa7 Rb7 21. Rxb7
Qxb7 22. Rb1 Rb8 23. Na2 Nxe4 24. Qxb4 Qxb4 25. Rxb4 Ra8 26. Rxe4 Rxa2 27. Ng3
Bf6 28. Bd4 Rd2 29. Bxf6 exf6 30. Rf4 f5 31. Nf1 Rxd5 32. Ne3 Ra5 33. Rd4 Ra1+
34. Kh2 Ra2 35. Kg3 Kg7 36. f3 Kf6 37. Rxd6+ Ke7 38. Rb6 Rd2 39. f4 Rd3 40. Kf2
Rd4 41. Kf3 Rd3 42. g4 fxg4+ 43. hxg4 h5 44. gxh5 gxh5 45. Rh6 Ra3 46. Rxh5 Rb3
47. Re5+ Kd7 48. Kg4 f6 49. Re4 Rb5 50. Nf5 Rb1 51. Re7+ Kc6 52. Re6+ Kd5 53.
Rxf6 Rg1+ 54. Ng3 Rg2 55. Rf8 Ke6 56. Re8+ Kf7 57. Re2 Rg1 58. f5 Ra1 59. Kg5
Rg1 60. Kf4 Ra1 61. Rb2 Ra4+ 62. Ne4 Ra1 63. Rb7+ Kf8 64. Kg5 Re1 65. Nf6 Rg1+
66. Ng4 Ra1 67. Ne5 Ra5 68. Ng6+ Kg8 69. Nf4 Ra1 70. f6 Ra5+ 71. Kg6 Ra8 72.
f7+ Kh8 73. Re7 Ra6+ 74. Kg5 Ra5+ 75. Kg4 Kg7 76. Ne6+ Kh7 77. f8=Q+ 1-0

[Event "4NCL Online Division 3"]
[Site "online"]
[Date "2020.04.21"]
[Round "3.92"]
[White "Singh, Amrik J"]
[Black "Whiteside, Robert"]
[Result "1-0"]
[WhiteElo "1870"]
[BlackElo "1792"]
[PlyCount "55"]
[EventDate "2020.04.21"]
[WhiteTeam "Warley Mighty Quins"]
[BlackTeam "MK Phoenix 2"]

1. e4 e6 2. f4 c5 3. c3 Nc6 4. Nf3 d5 5. e5 d4 6. d3 Nge7 7. Be2 Nf5 8. Na3 h5
9. O-O a6 10. Nc2 b5 11. Ng5 g6 12. Ne4 Be7 13. Qe1 Bb7 14. Bf3 Nh4 15. Qe2 O-O
16. Ne1 Kg7 17. g3 Nxf3+ 18. Nxf3 c4 19. dxc4 d3 20. Qe3 bxc4 21. f5 Nxe5 22.
f6+ Bxf6 23. Nxf6 Nxf3+ 24. Rxf3 Rh8 25. Qe5 Kf8 26. Rf2 Rc8 27. Be3 Qe7 28.
Nd5 1-0

[Event "4NCL Online Division 3"]
[Site "online"]
[Date "2020.04.21"]
[Round "3.93"]
[White "Edwards, Peter"]
[Black "Turner, Jon"]
[Result "1-0"]
[WhiteElo "1870"]
[BlackElo "1885"]
[PlyCount "57"]
[EventDate "2020.04.21"]
[WhiteTeam "MK Phoenix 2"]
[BlackTeam "Warley Mighty Quins"]

1. Nf3 f5 2. c4 e6 3. Nc3 Nf6 4. d4 c6 5. Bg5 d5 6. Qc2 Be7 7. e3 O-O 8. Be2
Ne4 9. Bxe7 Qxe7 10. O-O Nd7 11. Rac1 Ndf6 12. Ne5 Bd7 13. a3 Rad8 14. h3 g5
15. b4 Qg7 16. Nxe4 Nxe4 17. Kh2 Qh6 18. f3 Nf6 19. Kg1 g4 20. f4 gxh3 21. gxh3
Qxh3 22. Rf3 Qh4 23. Bf1 Kh8 24. Rh3 Rg8+ 25. Kh1 Rg4 26. Qh2 Ne4 27. Rxh4 Ng3+
28. Qxg3 Rxg3 29. Nf7+ 1-0

[Event "4NCL Online Division 3"]
[Site "online"]
[Date "2020.04.21"]
[Round "3.94"]
[White "Emery, Ian"]
[Black "Cox, Lucian"]
[Result "1-0"]
[WhiteElo "1825"]
[BlackElo "1051"]
[PlyCount "57"]
[EventDate "2020.04.21"]
[WhiteTeam "Warley Mighty Quins"]
[BlackTeam "MK Phoenix 2"]

1. e4 c5 2. Nf3 d6 3. Bb5+ Nc6 4. O-O Nf6 5. Re1 Bd7 6. c3 g6 7. d4 cxd4 8.
cxd4 Bg7 9. Nc3 O-O 10. Bf4 Qb6 11. h3 a6 12. Bxc6 Bxc6 13. d5 Bd7 14. Rb1 Rac8
15. Be3 Qb4 16. a3 Qc4 17. e5 dxe5 18. Nxe5 Qc7 19. Bf4 Nh5 20. Nxd7 Qxd7 21.
Bg5 Bxc3 22. bxc3 Nf6 23. d6 exd6 24. Bxf6 Rfe8 25. Qd2 Rxe1+ 26. Rxe1 Qc6 27.
Qh6 Qxg2+ 28. Kxg2 Rxc3 29. Re8# 1-0

[Event "4NCL Online Division 3"]
[Site "online"]
[Date "2020.04.21"]
[Round "3.101"]
[White "Finn, Jonathan"]
[Black "Porter, Sam J"]
[Result "0-1"]
[WhiteElo "1915"]
[BlackElo "1975"]
[PlyCount "114"]
[EventDate "2020.04.21"]
[WhiteTeam "Nottingham University 1"]
[BlackTeam "3 Smarties 1 Tube"]

1. d4 Nf6 2. Nf3 g6 3. Bf4 Bg7 4. e3 O-O 5. h3 c5 6. c3 b6 7. Nbd2 d5 8. Bd3
Ba6 9. Bxa6 Nxa6 10. O-O b5 11. a4 b4 12. cxb4 Nxb4 13. Qb3 Qa5 14. dxc5 Nd7
15. c6 Nxc6 16. Qb7 Nde5 17. Nxe5 Nxe5 18. b4 Qd8 19. Rab1 Nd3 20. Bh2 e5 21.
Qb5 e4 22. Nb3 Rc8 23. Nc5 Nxc5 24. bxc5 d4 25. Bd6 Re8 26. exd4 Bxd4 27. Qb4
Qf6 28. Rbd1 Be5 29. Qa3 Qf4 30. Qg3 Qxg3 31. fxg3 f5 32. Rd5 Bxd6 33. cxd6
Rcd8 34. Kf2 Rd7 35. Rfd1 Kf7 36. Rc5 Red8 37. Rc7 Ke6 38. Ke2 a6 39. g4 f4 40.
Rxd7 Rxd7 41. Rf1 Ke5 42. Rd1 Rxd6 43. Rb1 g5 44. Rb7 h6 45. a5 Rd5 46. Rb6
Rxa5 47. Rxh6 Ra2+ 48. Kf1 Kd4 49. Rd6+ Ke3 50. Rd1 f3 51. gxf3 Kxf3 52. Kg1 e3
53. Rf1+ Kg3 54. Re1 e2 55. Rb1 Kxh3 56. Kf2 Kxg4 57. Rg1+ Kf4 0-1

[Event "4NCL Online Division 3"]
[Site "online"]
[Date "2020.04.21"]
[Round "3.102"]
[White "Hookham, Jamie"]
[Black "Fewell, Ewan"]
[Result "1-0"]
[WhiteElo "2029"]
[BlackElo "1907"]
[PlyCount "39"]
[EventDate "2020.04.21"]
[WhiteTeam "3 Smarties 1 Tube"]
[BlackTeam "Nottingham University 1"]

1. e4 e5 2. Nf3 Nc6 3. Bb5 a6 4. Ba4 Nf6 5. O-O b5 6. Bb3 Bc5 7. c3 d6 8. d4
Bb6 9. a4 Rb8 10. axb5 axb5 11. Na3 Bg4 12. Nxb5 Bxf3 13. gxf3 Nh5 14. dxe5 O-O
15. exd6 Bxf2+ 16. Rxf2 Rxb5 17. Bd5 Qxd6 18. Ra6 Rb6 19. Rxb6 cxb6 20. Bxf7+
1-0

[Event "4NCL Online Division 3"]
[Site "online"]
[Date "2020.04.21"]
[Round "3.103"]
[White "Grainger, Charlie"]
[Black "Jost, Jan Niklas"]
[Result "1-0"]
[WhiteElo "1832"]
[BlackElo "1840"]
[PlyCount "67"]
[EventDate "2020.04.21"]
[WhiteTeam "Nottingham University 1"]
[BlackTeam "3 Smarties 1 Tube"]

1. e4 c5 2. Nc3 g6 3. f4 Bg7 4. Nf3 Nc6 5. g3 e6 6. Bg2 Nge7 7. O-O O-O 8. d3
Rb8 9. a4 a6 10. Be3 Nd4 11. Ne2 Nec6 12. c3 Nxe2+ 13. Qxe2 d6 14. Nh4 Na5 15.
Qd1 Bf6 16. f5 Bxh4 17. gxh4 Qxh4 18. fxg6 hxg6 19. Rf4 Qe7 20. Qf3 e5 21. Rf6
Be6 22. Bg5 Qd7 23. Qg3 Kg7 24. Raf1 c4 25. d4 exd4 26. cxd4 d5 27. Qe5 Kg8 28.
Bh6 Nc6 29. Qg5 Rfd8 30. exd5 Bxd5 31. Bxd5 Qxd5 32. Rxg6+ fxg6 33. Qxg6+ Kh8
34. Qg7# 1-0